Zrození Evropanů : skutečný příběh našich předků vyprávěný geny /
Kniha se pokouší odpovědět na na to, odkud člověk pochází, co ho formuje a dělá člověkem - ve spojitosti s dvěmi tematickými okruhy, a to neolitickou revolucí a revolucí v porozumění lidské DNA.
Uloženo v:
| Hlavní autor: | |
|---|---|
| Další autoři: | , |
| Médium: | E-audiokniha |
| Jazyk: | Czech |
| Vydáno: |
[Brno] :
Jan Melvil Publishing,
2022
|
| Vydání: | Vydání první |
| Edice: | History (Jan Melvil Publishing)
|
| Témata: | |
| On-line přístup: | Plný text - pro registrované uživatele NK ČR |
| Tagy: |
Žádné tagy |
| LEADER | 04399nam a2200949 i 4500 | ||
|---|---|---|---|
| 001 | 313449 | ||
| 003 | CZ PrSKC | ||
| 005 | 20260601215743.0 | ||
| 007 | ta | ||
| 008 | 220926s2022 xr ab e f 000 0 cze | ||
| 015 | |a cnb003457082 | ||
| 020 | |a 9788075551658 |q (brožováno) | ||
| 035 | |a (OCoLC)1350560548 | ||
| 040 | |a BOA001 |b cze |e rda | ||
| 041 | 1 | |a cze |h ger | |
| 043 | |a e------ | ||
| 072 | 7 | |a 575 |x Obecná genetika. Obecná cytogenetika. Evoluce |2 Konspekt | |
| 080 | |a 39:94 |2 MRF | ||
| 080 | |a 572.1/.4 |2 MRF | ||
| 080 | |a 56:599.892 |2 MRF | ||
| 080 | |a 314.15 |2 MRF | ||
| 080 | |a 575.822 |2 MRF | ||
| 080 | |a 616.9 |2 MRF | ||
| 080 | |a 304 |2 MRF | ||
| 080 | |a (4) |2 MRF | ||
| 080 | |a (0.062) |2 MRF | ||
| 100 | 1 | |a Krause, Johannes, |d 1980- |7 xx0261146 |4 aut | |
| 240 | 1 | 0 | |a Reise unserer Gene. |l Česky |
| 245 | 1 | 0 | |a Zrození Evropanů : |b skutečný příběh našich předků vyprávěný geny / |c Johannes Krause a Thomas Trappe ; překlad Dagmar Heegová |
| 250 | |a Vydání první | ||
| 264 | 1 | |a [Brno] : |b Jan Melvil Publishing, |c 2022 | |
| 300 | |a 255 stran : |b ilustrace, mapy ; |c 22 cm | ||
| 336 | |a text |b txt |2 rdacontent | ||
| 337 | |a bez média |b n |2 rdamedia | ||
| 338 | |a svazek |b nc |2 rdacarrier | ||
| 490 | 1 | |a History | |
| 500 | |a Přeloženo z němčiny | ||
| 504 | |a Obsahuje bibliografii | ||
| 520 | 2 | |a Kniha se pokouší odpovědět na na to, odkud člověk pochází, co ho formuje a dělá člověkem - ve spojitosti s dvěmi tematickými okruhy, a to neolitickou revolucí a revolucí v porozumění lidské DNA. | |
| 650 | 0 | 7 | |a historická antropologie |7 ph120712 |z Evropa |2 czenas |
| 650 | 0 | 7 | |a antropogeneze |7 ph118527 |z Evropa |2 czenas |
| 650 | 0 | 7 | |a fosilní člověk |7 ph120314 |z Evropa |2 czenas |
| 650 | 0 | 7 | |a migrace obyvatelstva |7 ph115298 |z Evropa |2 czenas |
| 650 | 0 | 7 | |a evoluční genetika |7 ph120053 |2 czenas |
| 650 | 0 | 7 | |a infekční nemoci |7 ph114765 |2 czenas |
| 650 | 0 | 7 | |a infekční nemoci |7 ph114765 |x sociální aspekty |2 czenas |
| 650 | 0 | 9 | |a historical antropology |z Europe |2 eczenas |
| 650 | 0 | 9 | |a anthropogenesis |z Europe |2 eczenas |
| 650 | 0 | 9 | |a fossil man |z Europe |2 eczenas |
| 650 | 0 | 9 | |a migration |z Europe |2 eczenas |
| 650 | 0 | 9 | |a evolutionary genomics |2 eczenas |
| 650 | 0 | 9 | |a infectious diseases |2 eczenas |
| 650 | 0 | 9 | |a infectious diseases |x social aspects |2 eczenas |
| 655 | 7 | |a populárně-naučné publikace |7 fd131864 |2 czenas | |
| 655 | 9 | |a popular works |2 eczenas | |
| 700 | 1 | |a Trappe, Thomas, |d 1981- |7 xx0261174 |4 aut | |
| 700 | 1 | |a Heeg, Dagmar, |d 1982- |7 mzk20211120081 |4 trl | |
| 830 | 0 | |a History (Jan Melvil Publishing) | |
| 856 | 4 | 1 | |u https://www.bookport.cz/AccountSaml/SignIn/?idp=https%3A%2F%2Fshibboleth.nkp.cz%2Fidp%2Fshibboleth&returnUrl=/kniha/zrozeni-evropanu-10981/ |y Plný text - pro registrované uživatele NK ČR |4 N |
| 900 | |a ABA001 |b 20 | ||
| 044 | |a xr | ||
| 505 | 0 | 0 | |t 01_Uvod (14 min., 1 sek.) |
| 505 | 0 | 0 | |t 02_Kapitola_1_-_Az_na_kost (26 min., 20 sek.) |
| 505 | 0 | 0 | |t 03_Matka_vsech_genu (26 min., 46 sek.) |
| 505 | 0 | 0 | |t 04_Kapitola_2_-_Nezdolni_migranti (18 min., 15 sek.) |
| 505 | 0 | 0 | |t 05_Padla_pevnost_zvana_Evropa (22 min., 45 sek.) |
| 505 | 0 | 0 | |t 06_kapitola_3_Migranti_jako_prislib_budoucnosti (18 min., 4 sek.) |
| 505 | 0 | 0 | |t 07_Nejlepsi_pritel_cloveka (23 min., 21 sek.) |
| 505 | 0 | 0 | |t 08_Kapitola_4_-_Paralelni_spolecenstvi (20 min., 28 sek.) |
| 505 | 0 | 0 | |t 09_kapitola_5_-_Svobodni_mladi_muzi (19 min., 2 sek.) |
| 505 | 0 | 0 | |t 10_Pozdni_nasledky_nacionalisticke_historiografie (20 min., 33 sek.) |
| 505 | 0 | 0 | |t 11_Kapitola_6_-_Jak_Evropane_nasli_spolecny_jazyk (24 min., 35 sek.) |
| 505 | 0 | 0 | |t 12_kapitola_7_-_Patriarchalni_struktury (30 min., 1 sek.) |
| 505 | 0 | 0 | |t 13_kapitola_8_-_Kolebka_moru (26 min., 58 sek.) |
| 505 | 0 | 0 | |t 14_Pomery_v_dobe_pozdne_rimske (21 min., 22 sek.) |
| 505 | 0 | 0 | |t 15_kapitola_9_-_Novy_svet_-_Nove_smrtelne_choroby (37 min., 5 sek.) |
| 505 | 0 | 0 | |t 16_Zaver_-_Konec_cernobileho_videni (21 min., 3 sek.) |
| 505 | 0 | 0 | |t 17_Afrika_jako_cerny_blok (27 min., 7 sek.) |
| 505 | 0 | 0 | |t 18_Doslov_k_ceskemu_vydani (15 min., 24 sek.) |
| 910 | |a RBIT002 | ||
| 998 | |d 421138 |a https://core.palmknihy.cz/api/books/421138/cover?syf6nr |b https://core.palmknihy.cz/api/books/421138/cover/400?syf6nr |c https://core.palmknihy.cz/api/books/421138/cover/50?syf6nr |e 2026-06-10 |i 9788075551658 |l 24780 |q 49 |r 1 |s https://www.palmknihy.cz/kniha/421138 |t audiobook |y 2022 |z 0 | ||
| 999 | |d 313447 | ||